| 000 | 02231nam0a2200361 i 4500 | ||
|---|---|---|---|
| 001 | RU\NLR\bibl\1960528 | ||
| 005 | 20260407131435.0 | ||
| 010 |
_a9785987095034 _9500 |
||
| 021 |
_aRU _b2012-75482 _95589 |
||
| 035 | _a(nilc)RSL-KNO-005506443 | ||
| 035 | _a(NLR Aleph) 001949538 | ||
| 090 |
_a3676045 _c3676045 |
||
| 100 | _a20121010d2012 u y0rusy50 ca | ||
| 101 | 0 | _arus | |
| 102 | _aRU | ||
| 105 | _aa ||||||||| | ||
| 200 | 1 |
_aОккупация юго-запада Ленинградской области в годы Великой Отечественной войны _e(воспоминания очевидцев) _fСанкт-Петербургский гос. ун-т, Науч.-исслед. ин-т комплексных социальных исслед., Лаб. археологии, ист. социологии и культурного наследия _g[сост. А. В. Виноградов и др.] |
|
| 210 |
_aСанкт-Петербург _cЛема _d2012 |
||
| 215 |
_a363 с. _cил., портр. _d29 |
||
| 606 |
_aВеликая Отечественная война _jВоспоминания, записки и т.п _xОккупированные районы _yЛенинградская область _z1941 - 1945 _92486494 _3RU\NLR\auth\661475683 |
||
| 606 |
_aЛенинградская битва _jВоспоминания, записки и т.п _z1941 - 1944 _92551242 _3RU\NLR\auth\661509637 |
||
| 686 | 1 | _aЦ35(2)722(2Р-4Ле),013 | |
| 686 | 1 | _aЦ35(2)722.11(2Р-4Ле-2Ленинград),013 | |
| 686 | 1 | _aТ3(2)722.9-9(2Р-4Ле) | |
| 702 | 1 |
_4220 _8rus _7ca _aВиноградов _bА. В. _cканд. ист. наук _f1947- _gАлексей Владимирович _3RU\NLR\auth\7732294 _915303 |
|
| 712 | 0 | 2 |
_4570 _aНИИ комплексных социальных исследований _cСанкт-Петербург _bЛаборатория археологии, исторической социологии и культурного наследия _3RU\NLR\AUTH\8810077483 _9657152 |
| 801 | 0 |
_aRU _bRuMoRKP _c20121010 _grcr |
|
| 801 | 1 |
_aRU _bРГБ _c20121010 |
|
| 801 | 2 |
_aRU _bNLR _c20121026 _grcr |
|
| 942 | _cBOOK | ||
| 980 | _aNBR | ||